[Event "IECC CL3-2021.01 email"]
[Site "IECC email"]
[Date "2021.02.28"]
[Round "?"]
[White "Carlsen, Torben Erik"]
[Black "Van Boven, Maarten"]
[Result "0-1"]
[WhiteElo "1842"]
[BlackElo "1769"]
[PlyCount "88"]
[EventDate "2021.??.??"]
[EventType "tourn (corr)"]
[EventRounds "4"]
[SourceTitle "Corr 2024"]
[Source "ChessBase"]
[SourceDate "2023.10.19"]
[SourceVersion "1"]
[SourceVersionDate "2023.10.19"]
[SourceQuality "1"]
[WhiteTeam "Brasilien"]
[BlackTeam "Niederlande"]
[WhiteTeamCountry "BRA"]
[BlackTeamCountry "NED"]

1. Nf3 Nf6 2. c4 e6 3. d4 b6 4. g3 Ba6 5. Nbd2 Bb4 6. Qa4 Be7 7. e4 0-0 8. e5 Ne8 9. Bd3 Bb7 10. 0-0 c5 11. dxc5 bxc5 12. Rd1 Nc6 13. Ne4 Qc8 14. Bf4 f5 15. exf6 gxf6 16. Re1 f5 17. Ned2 d6 18. Qb3 e5 19. Bh6 Rf7 20. h3 e4 21. Nxe4 fxe4 22. Bxe4 Nf6 23. Bf5 Qxf5 24. Qxb7 Rc8 25. Ng5 Ng4 26. hxg4 Qxf2+ 27. Kh1 Rb8 28. Qxb8+ Nxb8 29. Nxf7 Qxf7 30. Kg2 Nc6 31. Rxe7 Qxe7 32. Rf1 Ne5 33. Rf8+ Qxf8 34. Bxf8 Kxf8 35. b3 Kf7 36. Kf2 Nd3+ 37. Ke3 Nc1 38. Ke4 Nxa2 39. Kd5 Nc1 40. Kxd6 Nxb3 41. Kc6 Kf6 42. Kb5 Kg5 43. Ka4 Nd4 44. Ka3 Kxg4 0-1

[Event "IECC CL3-2021.01 email"]
[Site "IECC email"]
[Date "2021.02.23"]
[Round "?"]
[White "Ridding, Mark"]
[Black "Carlsen, Torben Erik"]
[Result "1/2-1/2"]
[WhiteElo "1863"]
[BlackElo "1801"]
[PlyCount "79"]
[EventDate "2021.??.??"]
[EventType "tourn (corr)"]
[EventRounds "4"]
[SourceTitle "Corr 2024"]
[Source "ChessBase"]
[SourceDate "2023.10.19"]
[SourceVersion "1"]
[SourceVersionDate "2023.10.19"]
[SourceQuality "1"]
[WhiteTeam "England"]
[BlackTeam "Brasilien"]
[WhiteTeamCountry "ENG"]
[BlackTeamCountry "BRA"]

1. e4 c6 2. Nc3 d5 3. d4 dxe4 4. Nxe4 Bf5 5. Ng3 Bg6 6. Nf3 Nd7 7. h4 h6 8. Bd3 Bxd3 9. Qxd3 Ngf6 10. Bf4 Qa5+ 11. c3 e6 12. 0-0 Nd5 13. Be5 Nxe5 14. Nxe5 Qc7 15. Ne4 0-0-0 16. Rfe1 f5 17. Nd2 g5 18. Ng6 Rg8 19. h5 Re8 20. a4 Bd6 21. Nc4 Nf6 22. Nxd6+ Qxd6 23. Qh3 Kb8 24. a5 a6 25. b4 g4 26. Qh4 Nd5 27. Rac1 Ne7 28. Nxe7 Qxe7 29. Qxe7 Rxe7 30. c4 g3 31. Re3 gxf2+ 32. Kxf2 Rg4 33. Rce1 Rxd4 34. Rxe6 Rh7 35. Re8+ Ka7 36. Rf8 Rf4+ 37. Kg1 Rxc4 38. Ree8 b5 39. Ra8+ Kb7 40. Rfb8+ 1/2-1/2

[Event "IECC TH-M-3516"]
[Site "IECC email"]
[Date "2020.06.20"]
[Round "?"]
[White "Carlsen, Torben Erik"]
[Black "Cruz, Eliecer"]
[Result "1-0"]
[WhiteElo "1786"]
[BlackElo "2157"]
[PlyCount "85"]
[EventDate "2020.??.??"]
[EventType "tourn (corr)"]
[SourceTitle "Corr 2024"]
[Source "ChessBase"]
[SourceDate "2023.10.19"]
[SourceVersion "1"]
[SourceVersionDate "2023.10.19"]
[SourceQuality "1"]
[WhiteTeam "Brasilien"]
[BlackTeam "Kuba"]
[WhiteTeamCountry "BRA"]
[BlackTeamCountry "CUB"]

1. e4 e5 2. Nf3 Nc6 3. Bb5 g6 4. 0-0 Bg7 5. c3 Nge7 6. d4 exd4 7. cxd4 a6 8. Ba4 0-0 9. d5 Na5 10. Nc3 b5 11. Bb3 d6 12. Re1 b4 13. Na4 Nxb3 14. axb3 Bg4 15. h3 Bxf3 16. Qxf3 f5 17. Bf4 fxe4 18. Qxe4 Nf5 19. Qd3 a5 20. Re4 Qd7 21. Qc4 Rae8 22. Rae1 Rxe4 23. Rxe4 Qf7 24. Kh1 h6 25. f3 Re8 26. Qd3 Re7 27. Kg1 g5 28. Bh2 h5 29. Kh1 h4 30. Rxe7 Nxe7 31. Qb5 Qf5 32. Qe8+ Bf8 33. Bg1 Nxd5 34. Qb5 Kf7 35. Qc4 Be7 36. Qb5 c5 37. Qc4 Kf6 38. Qa6 Nb6 39. Nxb6 Qe6 40. Qb7 Kf7 41. Nd5 Qe5 42. Nxe7 Qxe7 43. Qxe7+ 1-0

[Event "IECC CL4-2020.02 email"]
[Site "IECC email"]
[Date "2020.04.20"]
[Round "?"]
[White "Carlsen, Torben Erik"]
[Black "Hess, John"]
[Result "1-0"]
[WhiteElo "1774"]
[BlackElo "1748"]
[PlyCount "67"]
[EventDate "2020.??.??"]
[EventType "tourn (corr)"]
[EventRounds "4"]
[SourceTitle "Corr 2024"]
[Source "ChessBase"]
[SourceDate "2023.10.19"]
[SourceVersion "1"]
[SourceVersionDate "2023.10.19"]
[SourceQuality "1"]
[WhiteTeam "Brasilien"]
[BlackTeam "Südafrika"]
[WhiteTeamCountry "BRA"]
[BlackTeamCountry "RSA"]

1. e4 c5 2. Nf3 Nc6 3. Bb5 g6 4. 0-0 Bg7 5. c3 e5 6. d4 cxd4 7. cxd4 exd4 8. Bf4 Nge7 9. Bd6 0-0 10. Nbd2 b6 11. Nb3 Bb7 12. Qd2 Re8 13. Rfe1 Nc8 14. Bf4 a6 15. Bc4 d6 16. Rac1 Ne5 17. Bf1 Nxf3+ 18. gxf3 Na7 19. Nxd4 Rc8 20. Rxc8 Nxc8 21. Rc1 Qd7 22. b4 Na7 23. Nb3 Be5 24. Be3 Nc8 25. Bg2 f5 26. Rc2 Qf7 27. Qc1 d5 28. f4 Bb8 29. e5 g5 30. Nd4 Ne7 31. Qd2 Qh5 32. Ne2 gxf4 33. Nxf4 Qg4 34. h3 1-0

[Event "SC-2020-0-00384"]
[Site "LSS email"]
[Date "2020.01.25"]
[Round "?"]
[White "Carlsen, Torben Erik"]
[Black "Ramses, Luis"]
[Result "0-1"]
[WhiteElo "1708"]
[BlackElo "1617"]
[PlyCount "24"]
[EventDate "2019.10.28"]
[EventType "tourn (corr)"]
[EventRounds "6"]
[EventCountry "GER"]
[SourceTitle "Corr 2022"]
[Source "ChessBase"]
[SourceDate "2021.10.24"]
[SourceVersion "1"]
[SourceVersionDate "2021.10.24"]
[SourceQuality "1"]

1. e4 e6 2. d4 d5 3. Nd2 c5 4. exd5 exd5 5. Ngf3 Nf6 6. Bb5+ Bd7 7. Bxd7+ Nbxd7 8. 0-0 Be7 9. Re1 0-0 10. dxc5 Nxc5 11. Nf1 Re8 12. Be3 Bd6 0-1

[Event "SC-2020-0-00384"]
[Site "LSS email"]
[Date "2020.01.21"]
[Round "?"]
[White "Carlsen, Torben Erik"]
[Black "Cleto, Dirceu Jr"]
[Result "0-1"]
[WhiteElo "1708"]
[BlackElo "1780"]
[PlyCount "26"]
[EventDate "2019.10.28"]
[EventType "tourn (corr)"]
[EventRounds "6"]
[EventCountry "GER"]
[SourceTitle "Corr 2022"]
[Source "ChessBase"]
[SourceDate "2021.10.24"]
[SourceVersion "1"]
[SourceVersionDate "2021.10.24"]
[SourceQuality "1"]

1. e4 e5 2. Nf3 d6 3. d4 exd4 4. Nxd4 Nf6 5. Nc3 Be7 6. Bf4 a6 7. Qd2 Nc6 8. Be2 0-0 9. 0-0 Nxd4 10. Qxd4 b5 11. a4 c5 12. Qd3 b4 13. Nd5 Nxd5 0-1

[Event "LSS No Engine Cup 187 Final"]
[Site "LSS email"]
[Date "2019.10.27"]
[Round "?"]
[White "Jenneborg, Seved"]
[Black "Carlsen, Torben Erik"]
[Result "1-0"]
[WhiteElo "2230"]
[BlackElo "1600"]
[PlyCount "47"]
[EventDate "2019.10.27"]
[EventType "tourn (corr)"]
[EventRounds "6"]
[EventCountry "GER"]
[SourceTitle "Corr 2022"]
[Source "ChessBase"]
[SourceDate "2021.10.24"]
[SourceVersion "1"]
[SourceVersionDate "2021.10.24"]
[SourceQuality "1"]

1. g3 e5 2. e4 Nc6 3. Nf3 Nf6 4. d3 Bc5 5. Bg2 d6 6. 0-0 Be6 7. c3 Bb6 8. d4 exd4 9. cxd4 Bg4 10. Be3 0-0 11. h3 Bh5 12. Nc3 Re8 13. g4 Bg6 14. d5 Nb4 15. Bxb6 axb6 16. Nd2 Na6 17. f4 h6 18. Qa4 Nc5 19. Qd4 Qe7 20. Rfe1 Qd8 21. Rac1 Re7 22. a3 Qe8 23. Bf3 Na4 24. h4 1-0

[Event "LSS No Engine Cup 193 Preliminary 0"]
[Site "LSS email"]
[Date "2019.09.09"]
[Round "?"]
[White "Carlsen, Torben Erik"]
[Black "Powers Jr, Kevincito"]
[Result "1-0"]
[WhiteElo "1600"]
[BlackElo "1600"]
[PlyCount "35"]
[EventDate "2019.09.10"]
[EventType "tourn (corr)"]
[EventRounds "6"]
[EventCountry "GER"]
[SourceTitle "Corr 2022"]
[Source "ChessBase"]
[SourceDate "2021.10.24"]
[SourceVersion "1"]
[SourceVersionDate "2021.10.24"]
[SourceQuality "1"]

1. e4 e6 2. d4 d5 3. Nd2 Nf6 4. e5 Nfd7 5. c3 c5 6. Bd3 Nc6 7. Ne2 cxd4 8. cxd4 f6 9. exf6 Nxf6 10. Nf3 Bd6 11. 0-0 Qc7 12. Bg5 0-0 13. Rc1 Bd7 14. Ng3 Rae8 15. Rc3 h6 16. Bxf6 Rxf6 17. Nh5 Rxf3 18. Qxf3 1-0

[Event "LSS No Engine Cup 193 Preliminary 0"]
[Site "LSS email"]
[Date "2019.09.09"]
[Round "?"]
[White "Lorenti, Domenico"]
[Black "Carlsen, Torben Erik"]
[Result "0-1"]
[WhiteElo "1493"]
[BlackElo "1600"]
[PlyCount "48"]
[EventDate "2019.09.10"]
[EventType "tourn (corr)"]
[EventRounds "6"]
[EventCountry "GER"]
[SourceTitle "Corr 2022"]
[Source "ChessBase"]
[SourceDate "2021.10.24"]
[SourceVersion "1"]
[SourceVersionDate "2021.10.24"]
[SourceQuality "1"]

1. e4 g6 2. d4 d6 3. Nc3 Nf6 4. Nf3 Bg7 5. Be3 a6 6. Be2 0-0 7. 0-0 Nbd7 8. Qd2 b5 9. a3 Bb7 10. Bd3 c5 11. d5 e6 12. dxe6 fxe6 13. h3 d5 14. exd5 exd5 15. Bh6 Re8 16. Bxg7 Kxg7 17. Be2 d4 18. Nd1 Qe7 19. Re1 Bxf3 20. gxf3 Nd5 21. b4 Qf6 22. bxc5 Ne5 23. c3 Nf4 24. Kh2 Qf5 0-1

[Event "SC-2019-0-00377"]
[Site "LSS email"]
[Date "2019.08.26"]
[Round "?"]
[White "Obukhov, Gennady Nikolaevich"]
[Black "Carlsen, Torben Erik"]
[Result "1-0"]
[WhiteElo "1906"]
[BlackElo "1720"]
[PlyCount "87"]
[EventDate "2019.07.01"]
[EventType "tourn (corr)"]
[EventRounds "6"]
[EventCountry "GER"]
[SourceTitle "Corr 2022"]
[Source "ChessBase"]
[SourceDate "2021.10.24"]
[SourceVersion "1"]
[SourceVersionDate "2021.10.24"]
[SourceQuality "1"]

1. d4 d6 2. e4 g6 3. Nc3 Nf6 4. Be2 Bg7 5. h4 c5 6. d5 Nbd7 7. h5 Nxh5 8. Bxh5 gxh5 9. Nge2 Qa5 10. Rxh5 Nf6 11. Rh4 Ng4 12. f3 Ne5 13. Rh5 Bd7 14. Bf4 Nc4 15. Qc1 0-0-0 16. Kf2 Rdg8 17. a4 Bf6 18. Nd1 Rg7 19. b3 Ne5 20. Ne3 Rhg8 21. Bxe5 Bxe5 22. c3 Qb6 23. Rb1 Qa6 24. Qd2 Bf6 25. g4 Kb8 26. c4 Rh8 27. Nf5 Bxf5 28. exf5 Rhg8 29. Ng3 Bg5 30. Rxg5 Rxg5 31. Re1 h5 32. Nxh5 Qb6 33. Rxe7 Qxb3 34. Nf6 Qxc4 35. Nxg8 Rxg8 36. Rxf7 Qxa4 37. Re7 Rh8 38. Kg3 Qa1 39. Qe1 Qxe1+ 40. Rxe1 Rf8 41. Kf4 a6 42. g5 Ka7 43. g6 Rf6 44. g7 1-0

[Event "SC-2019-0-00377"]
[Site "LSS email"]
[Date "2019.08.18"]
[Round "?"]
[White "Carlsen, Torben Erik"]
[Black "Suwara, Kazimierz"]
[Result "0-1"]
[WhiteElo "1720"]
[BlackElo "1690"]
[PlyCount "48"]
[EventDate "2019.07.01"]
[EventType "tourn (corr)"]
[EventRounds "6"]
[EventCountry "GER"]
[SourceTitle "Corr 2022"]
[Source "ChessBase"]
[SourceDate "2021.10.24"]
[SourceVersion "1"]
[SourceVersionDate "2021.10.24"]
[SourceQuality "1"]

1. e4 c6 2. d4 d5 3. e5 Bf5 4. Nc3 h5 5. Bd3 Bxd3 6. Qxd3 e6 7. Nf3 Ne7 8. Bg5 g6 9. 0-0-0 Nd7 10. Kb1 Nb6 11. h3 Bg7 12. g4 Qc7 13. b3 0-0-0 14. a4 Rde8 15. Bc1 Kb8 16. Ng5 Ref8 17. Ba3 Nbc8 18. f4 Qd8 19. Ne2 Ka8 20. Rdg1 Qd7 21. a5 a6 22. Bb4 f6 23. exf6 Bxf6 24. Qe3 Bxg5 0-1

[Event "OP-2019-0-04819"]
[Site "LSS email"]
[Date "2019.08.08"]
[Round "?"]
[White "Carlsen, Torben Erik"]
[Black "Csoma, Robert"]
[Result "1-0"]
[WhiteElo "1716"]
[BlackElo "1041"]
[PlyCount "59"]
[EventDate "2019.07.30"]
[EventType "tourn (corr)"]
[EventRounds "4"]
[EventCountry "GER"]
[SourceTitle "Corr 2022"]
[Source "ChessBase"]
[SourceDate "2021.10.24"]
[SourceVersion "1"]
[SourceVersionDate "2021.10.24"]
[SourceQuality "1"]

1. e4 c5 2. c3 d6 3. Nf3 Nf6 4. Be2 Nc6 5. d4 e6 6. dxc5 dxc5 7. Qxd8+ Nxd8 8. Nbd2 Be7 9. 0-0 0-0 10. e5 Nd5 11. Ne4 Nc6 12. Rd1 b6 13. Bb5 Bb7 14. Nd6 Bxd6 15. exd6 Rad8 16. c4 Nf6 17. Bg5 a6 18. Bxc6 Bxc6 19. Ne5 Bd7 20. f4 h6 21. Bh4 Bc8 22. Rac1 Bb7 23. d7 Ra8 24. Rd6 b5 25. b4 cxb4 26. c5 a5 27. Bxf6 gxf6 28. c6 fxe5 29. cxb7 Rab8 30. Rc8 1-0